| 000 | 00711nam a2200265 a 4500 | ||
|---|---|---|---|
| 003 | AR-BaBNM | ||
| 005 | 20251128205126.0 | ||
| 008 | 082120s2002 ||||||||||||||000 | spa|| | ||
| 020 | _a950-581-613-8 | ||
| 040 | _cAR-BaBNM | ||
| 100 | 1 | _aElflein, Ada María | |
| 245 | 0 | 0 | _aEl mensajero de San Martín |
| 260 |
_aBuenos Aires _bColihue _c1991 |
||
| 300 |
_a23 p. _bil. |
||
| 490 | 0 |
_aTambor de Tacuarí _vv. 2 |
|
| 650 | 4 | _aLITERATURA ARGENTINA | |
| 650 | 4 | _aHISTORIA ARGENTINA | |
| 650 | 4 | _aLITERATURA INFANTIL | |
| 650 | 4 | _aLIBROS PARA NIÑOS | |
| 653 | _aADAPTACIONES LITERARIAS | ||
| 655 | _aLITERATURA | ||
| 700 | 1 |
_aCazes Camarero, Pedro Luis _eilustrador |
|
| 942 | _cBK | ||
| 998 | _cisola | ||
| 999 |
_c10088 _d10088 |
||